Statistics for "British" things

Click here to take the quiz!

General Stats

  • This quiz has been taken 95 times
    (82 since last reset)
  • The average score is 8 of 15

Answer Stats

HintAnswer% Correct
The flag carrier airline of the United KingdomBritish Airways
94%
Department store chain, shortened to BHSBritish Home Stores
74%
What BBC stands forBritish Broadcasting Corporation
70%
Province of western CanadaBritish Columbia
70%
What the UK and Ireland are located onBritish Isles
70%
Major energy and homes services providerBritish Gas
66%
Charity concerned with cardiovascular diseaseBritish Heart Foundation
60%
Most expansive realm in historyBritish Empire
52%
One of the world's largest collection of art and history artefacts, in BloomsburyBritish Museum
51%
Nickname of the oldest major championship in professional golfBritish Open
48%
Caribbean territory whose capital is Road TownBritish Virgin Islands
34%
Political party formed by John Tyndall in 1982British National Party
29%
The old name for GuyanaBritish Guiana
23%
Major news archive of over 3,500 hours of filmed history, 90,000 individual items and 12 million stillsBritish Pathé
13%
BAFTABritish Academy of Film & Television Arts
0%

Score Distribution

Percentile by Number Answered

Percent of People with Each Score

Your Score History

You have not taken this quiz since the last reset